00318 a2200133 450000100060000002000270000604000240003310000270005724000260008424500240011030000100013436200090014465000310015347234 a9788538046486 (broch.) cAnchieta - Aquarius aSilva, Júlio César10aTruques de mágical10aTruques de mágica a64p. 0 a2014 4aLiteratura infanto-juvenil